000 00960nam a22002415i 4500
001 16839
003 ES-MaACL
007 t|
008 001113s1993 sp ||||0| spa j
020 _a84-87246-09-5
040 _aM-BN
_bspa
_cM-BN
080 _a806.0:37.02(063)
111 2 _aCongreso Internacional sobre la Enseñanza del Español (
_n1º.
_d1992.
_cMadrid)
_9480
245 1 0 _aActas del I Congreso Internacional sobre la Enseñanza del Español
_b: (Madrid, del 27 al 31 de enero de 1992).
260 _a[Madrid :
_bCentro Madrileño de Investigaciones Pedagógicas],
_c1993.
300 _a321 p ;
_c21 cm.
490 1 _aColección "Biblioteca pedagógica" ;
_v9
650 1 4 _aLengua española-
_xDidáctica-
_vCongresos y asambleas.
_914148
710 2 _aCentro Madrileño de Investigaciones Pedagógicas.
_92756
830 0 _aColección "Biblioteca pedagógica" ;
_v9
_9228679
852 _aES-MaACL
_jG-3900
_bR.121400
999 _c16839
_d16839